Herejes y renegados

Պահպանված է:
Մատենագիտական մանրամասներ
Հիմնական հեղինակ: Deutscher, Isaac (Հեղինակ)
Ձևաչափ: Գիրք
Լեզու:իսպաներեն
Հրապարակվել է: Barcelona Ariel 1970
Շարք:Ariel Quincenal, 44
Խորագրեր:
Ցուցիչներ: Ավելացրեք ցուցիչ
Չկան պիտակներ, Եղեք առաջինը, ով նշում է այս գրառումը!

MARC

LEADER 00000nam a2200000 a 4500
001 UCL2536
003 CL-VaPUC
008 031024e19700000SP |||||||||||||||||spa|d
082 0 4 |a 320.352  |b DEU  |2 21 
100 0 |a Deutscher, Isaac  |e author  |9 479655 
245 1 0 |a Herejes y renegados 
300 |a 262 p 
942 |c BK 
945 |d 20031024 00:00:00  |a cmena 
260 |a Barcelona  |b Ariel  |c 1970 
650 0 |a Comunismo  |9 255588 
650 0 |a Historia política  |9 256974 
650 0 |a Antropología cultural y social   |9 265143 
650 0 |a Revolución rusa  |9 343225 
651 0 |a Unión Soviética  |9 256769 
583 |a last modification  |c 20031024 00:00:00  |k Rodrigo Vera 
490 0 |a Ariel Quincenal, 44 
999 |c 305833  |d 305831 
952 |0 0  |1 0  |4 0  |6 320_352000000000000_DEU_1970  |7 0  |8 A  |9 370303  |a BIBHIS  |b BIBHIS  |d 2019-11-21  |i 3951693  |o 320.352 DEU 1970  |p 3951693  |r 2025-01-20  |w 2019-11-21  |y BK  |k HIS